000 00609nam a2200229Ia 4500
003 OSt
005 20220930190320.0
006 a|||||r|||| 00| 0
007 ta
008 220926b |||||||| |||| 00| 0 eng d
024 _a66,442
037 _cGeneral Books
040 _aCRL
_cCRL
_beng
041 _2eng
_aeng
082 _aV73:21wM09, J6
100 _aMitgang Herbert Ed.
_9558757
245 0 _aLincoln
_b As they saw him
260 _c1956
650 _aUNITED STATES - HISTORY
_931585
942 _hV73:21wM09, J6
_cGB
_2CC
999 _c892043
_d892043